00546pab a2200169 454500008004000000100002000040245007200060260000900132300001200141362000900153650002100162700002100183773004500204909000900249999001500258952010300273180718b1987 xxu||||| |||| 00| 0 eng d aKhan, Mohsin S. aReal exchange rate dynamics in a small, Primary - exporting country c1987 a681-710 aDec. aForeign Exchange aPeter J. Montiel aInternational Monetary Fund Staff Papers a9001 c9001d9001 00104070aIIPAbIIPAd2018-07-19hVolume no: 34, Issue no: 4pAR9015r2018-07-19w2018-07-19yAR